| 000 | 00335nam a22001337a 4500 | ||
|---|---|---|---|
| 020 | _a0000000325820 | ||
| 040 | _cNUST | ||
| 082 | _a891.4393 TAT | ||
| 100 |
_aHeroldium. Aziz Ahmed _989573 |
||
| 245 | _aTatariyon Ki Yalghar | ||
| 260 |
_aLAHORE: _bAl Hamd Publication, _c2011. |
||
| 650 |
_aUrdu Adab-Novel _989574 |
||
| 942 |
_2ddc _cBK |
||
| 999 |
_c587743 _d587743 |
||